[Event "Norresundby op"]
[Site "Norresundby"]
[Date "1992.??.??"]
[Round "9"]
[White "McNab, Colin Anderson"]
[Black "Kruszynski, Wlodzimierz"]
[Result "1/2-1/2"]
[WhiteElo "2475"]
[BlackElo "2375"]

1.Nf3 Nf6 2.c4 e6 3.g3 b6 4.Bg2 Bb7 5.O-O c5 6.b3 d6 7.Bb2 Be7 8.d3 O-O 9.e4 Nc6
10.Nc3 a6 11.d4 cxd4 12.Nxd4 Nxd4 13.Qxd4 Rb8 14.Rfd1 Qc7 15.a4 Rfd8 16.Ba3 Ng4
17.Rac1 Rbc8 18.Qd2 Qb8 19.h3 Nf6 20.Bb4 Bc6 21.a5 Rd7 22.Qa2 Rb7 23.Rb1 Nd7
24.Nd5 Bf8 25.Nxb6 Nxb6 26.axb6 Rxb6 27.Ba5 Rb7 28.Bd2 Qc7 29.Ra1 Ra7 30.Qa5  1/2-1/2

[Event "Norresundby op"]
[Site "Norresundby"]
[Date "1992.??.??"]
[Round "9"]
[White "Sorensen, Torben"]
[Black "Busch, Klaus"]
[Result "1-0"]
[WhiteElo "2295"]
[BlackElo "2420"]

1.Nf3 c5 2.c4 Nf6 3.g3 b6 4.Bg2 Bb7 5.O-O e6 6.Nc3 a6 7.b3 d6 8.Bb2 Be7 9.e3 O-O
10.d4 Qc7 11.Qe2 Ne4 12.Rac1 Nd7 13.Rfd1 f5 14.Nxe4 Bxe4 15.Rd2 Qb7 16.Rcd1 Nf6
17.d5 exd5 18.cxd5 Nxd5 19.Rxd5 Bxd5 20.Rxd5 Qxd5 21.Ng5 Qxg2+ 22.Kxg2 Bxg5
23.Qd3 Kh8 24.Qd5 Rad8 25.Qb7 Bf6 26.Bxf6 Rxf6 27.Qxb6 Rff8 28.h4 h6 29.h5 Kg8
30.Kf3 Kf7 31.Qxa6 Kf6 32.Qc4 Rfe8 33.a4 Re4 34.Qd5 Rb4 35.a5 Ke7 36.a6 Rd7
37.Qg8 Rb6 38.a7 Rd8 39.Qxd8+  1-0

[Event "Ostrava"]
[Site "Ostrava"]
[Date "1992.??.??"]
[Round "7"]
[White "Plachetka, Jan"]
[Black "Gipslis, Aivars"]
[Result "1/2-1/2"]
[WhiteElo "2475"]
[BlackElo "2465"]

1.Nf3 Nf6 2.c4 c5 3.g3 b6 4.Bg2 Bb7 5.O-O e6 6.Nc3 Be7 7.b3 d6 8.Bb2 O-O
9.e3 a6 10.d4 cxd4 11.Nxd4 Qc7 12.f4 Nbd7 13.Bxb7 Qxb7 14.Qf3  1/2-1/2

[Event "Oviedo Fischer Blitz"]
[Site "Oviedo"]
[Date "1992.??.??"]
[Round "?"]
[White "Vaganian, Rafael A"]
[Black "Adams, Michael"]
[Result "1-0"]
[WhiteElo "2615"]
[BlackElo "2610"]

1.Nf3 Nf6 2.g3 b6 3.Bg2 Bb7 4.O-O c5 5.c4 e6 6.Nc3 Be7 7.Re1 Ne4 8.Qc2 Nxc3
9.dxc3 Nc6 10.Bf4 d6 11.Rad1 Qc7 12.Rd2 Rd8 13.Red1 O-O 14.Ng5 Bxg5 15.Bxg5 f6
16.Bf4 e5 17.Be3 Na5 18.Bxb7 Nxb7 19.Rd5 Rde8 20.Qf5 Qc8 21.Qxc8 Rxc8 22.g4 Kf7
23.f4 Ke6 24.Kf2 g6 25.Kf3 Rc6 26.b3 Nd8 27.Bf2 exf4 28.Kxf4 Nf7 29.Bg3 Ne5
30.h3 h6 31.e4 Rh8 32.Ke3 h5 33.g5 fxg5 34.Bxe5 dxe5 35.Rg1 g4 36.hxg4 h4
37.Rgd1 h3 38.Rd8 Rh7 39.g5 h2 40.Re8+ Kf7 41.Rd7+ Kxe8 42.Rxh7 Kf8 43.Rxh2 Kg7
44.Rd2 Rc7 45.Rd8 Kf7 46.Rh8 Kg7  1-0

[Event "Oviedo rapid45"]
[Site "Oviedo"]
[Date "1992.??.??"]
[Round "8"]
[White "Efimov, Igor"]
[Black "Gavrikov, Viktor"]
[Result "0-1"]
[WhiteElo "2470"]
[BlackElo "2560"]

1.Nf3 Nf6 2.c4 c5 3.g3 b6 4.Bg2 Bb7 5.O-O e6 6.b3 Be7 7.Bb2 O-O 8.d4 cxd4
9.Qxd4 d6 10.Nc3 a6 11.Rfd1 Nbd7 12.Rac1 Qc7 13.Ne1 Bxg2 14.Nxg2 Rfd8 15.Ne3 Qb7
16.Rc2 b5 17.Rdc1 Rdc8 18.Ncd1 b4 19.Ng4 a5 20.Nxf6+ Nxf6 21.Ne3 Qe4 22.Qd2 Nd7
23.f3 Qg6 24.Kg2 Nc5 25.Bd4 h5 26.Rb2 Bg5 27.Qc2 Qxc2 28.Rcxc2 a4 29.h4 Be7
30.Nf1 axb3 31.axb3 f5 32.Nd2 Kf7 33.Ra2 Bf6 34.Bxf6 Kxf6 35.Rxa8 Rxa8 36.Kf2 Ra1
37.Rb2 e5 38.Nb1 g5 39.hxg5+ Kxg5 40.Nd2 Rc1 41.Ra2 Rd1 42.Rb2 Ra1 43.Nf1 Ra3
44.Nd2 Kg6 45.f4 Ra1 46.fxe5 dxe5 47.Nf3 Kf6 48.Kg2 Rd1 49.Ra2 e4 50.Nh4 Nxb3
51.Rb2 Nd4 52.Rxb4 Rd2 53.Rb6+ Kf7 54.Kf1 e3 55.Rb7+ Ke6  0-1

[Event "Paris-ch"]
[Site "Paris"]
[Date "1992.??.??"]
[Round "1"]
[White "Van Doeland, Julius H"]
[Black "Dextre, Eric"]
[Result "1-0"]
[WhiteElo "2295"]
[BlackElo "2205"]

1.Nf3 Nf6 2.c4 e6 3.g3 b6 4.Bg2 Bb7 5.O-O c5 6.b3 Be7 7.Bb2 d6 8.Nc3 Nbd7
9.Re1 O-O 10.e4 a6 11.h3 Re8 12.d3 Bf8 13.Qc2 e5 14.a3 Qc7 15.Bc1 Rab8 16.Nh4 g6
17.Bg5 h6 18.Be3 Qd8 19.Qd2 Kh7 20.b4 Bg7 21.Rab1 Ba8 22.Nf3 Qc7 23.Rec1 Nf8
24.bxc5 bxc5 25.Nd5 Nxd5 26.cxd5 Nd7 27.Qc2 Rxb1 28.Rxb1 Rb8 29.Nd2 Rxb1+
30.Qxb1 Qb8 31.Qxb8 Nxb8 32.Nc4 Bf8 33.Bd2 a5 34.Bxa5 Na6 35.h4  1-0

[Event "Podolsk"]
[Site "Podolsk"]
[Date "1992.??.??"]
[Round "?"]
[White "Bagirov, Vladimir"]
[Black "Gipslis, Aivars"]
[Result "1/2-1/2"]
[WhiteElo "2500"]
[BlackElo "2465"]

1.c4 c5 2.Nf3 Nf6 3.g3 b6 4.Bg2 Bb7 5.O-O e6 6.Nc3 Be7 7.d4 cxd4 8.Nxd4 Bxg2
9.Kxg2 Qc8 10.Bf4 O-O 11.e4 Qxc4 12.Ncb5 Nc6 13.Rc1 Qxa2 14.Ra1 Qxb2 15.Rb1 Qa2
16.Ra1 Qb2 17.Rb1  1/2-1/2

[Event "Prague DDM-C"]
[Site "Prague"]
[Date "1992.??.??"]
[Round "4"]
[White "Becker, Marc"]
[Black "Jurek, Josef"]
[Result "1/2-1/2"]
[WhiteElo "2340"]
[BlackElo "2305"]

1.c4 Nf6 2.Nf3 b6 3.g3 c5 4.Bg2 Bb7 5.O-O e6 6.Nc3 Be7 7.d4 cxd4 8.Qxd4 d6
9.Rd1 a6 10.b3 Nbd7 11.e4 Qc8 12.Bb2 O-O 13.Qe3 Qc7 14.h3 Rfe8 15.Rac1 Rad8
16.Re1 Bf8 17.Nd4 Qb8 18.Rcd1 Ba8 19.Qe2 Ne5 20.f4 Ng6 21.Nc2 h5 22.Rf1 h4
23.g4 e5 24.f5 Nf4 25.Rxf4 exf4 26.g5 f3 27.Bxf3 Nxe4 28.Bxe4 Bxe4  1/2-1/2

[Event "San Copiapo"]
[Site "San Copiapo"]
[Date "1992.??.??"]
[Round "3"]
[White "Peralta, Eduardo"]
[Black "Letelier Martner, Rene"]
[Result "0-1"]
[WhiteElo "2255"]
[BlackElo "2220"]

1.Nf3 Nf6 2.c4 b6 3.g3 Bb7 4.Bg2 e6 5.O-O c5 6.Nc3 Be7 7.d4 cxd4 8.Qxd4 d6
9.b3 O-O 10.Bb2 a6 11.e4 Nbd7 12.Rfe1 Qc7 13.Qd2 Rfd8 14.Nd4 Bf8 15.Rac1 Rac8
16.Qe2 g6 17.g4 Bh6 18.Rcd1 Nc5 19.Ba1 e5 20.Nc2 Ne6 21.f3 b5 22.Bf1 bxc4
23.bxc4 Nd7 24.Qf2 Nb6 25.Rb1 Nc5 26.Ne3 Bc6 27.h4 Bf4 28.Ng2 Bh6 29.g5 Bg7
30.Ne3 Rb8 31.Rbc1 Rf8 32.h5 Qd8 33.Qg2 Ne6 34.h6 Bh8 35.Rcd1 Qe7 36.Ned5 Bxd5
37.exd5 Nf4 38.Qg4 Qc7 39.Ne4 Nxc4 40.Rc1 Qb6+ 41.Kh1 Ne3 42.Qg1 Nfxd5 43.Bd3 Rfd8
44.Rb1 Qa7 45.Rxb8 Rxb8 46.Nxd6 Qd7 47.Ne4 Qh3+ 48.Qh2 Qxf3+ 49.Kg1 f5 50.gxf6 Bxf6
51.Nxf6+ Nxf6 52.Be2 Qe4 53.Bxe5 Nfg4 54.Bxg4 Qxg4+ 55.Qg3 Re8 56.Bf4 Qxg3+
57.Bxg3 Kf7 58.Rb1 Nf5 59.Bf4 g5 60.Rb7+ Kg6 61.Rb6+ Kh5 62.Bc7 Re1+ 63.Kf2 Rc1
64.Bd8 Rc2+ 65.Kf3 Rxa2 66.Rb7 Kxh6 67.Kg4 Ne3+ 68.Kf3 Nf1 69.Kg4 Nh2+ 70.Kf5 Rf2+
71.Ke4 Rd2 72.Bc7 Rc2 73.Be5 Re2+ 74.Kf5 Rf2+ 75.Ke4 Ng4 76.Bg7+ Kg6 77.Bd4 Rf4+
78.Kd3 h5 79.Rb6+ Kf5 80.Rxa6 h4  0-1

[Event "San Mateo op"]
[Site "San Mateo"]
[Date "1992.??.??"]
[Round "?"]
[White "Ruggiero, Pamela"]
[Black "Kelson, Richard"]
[Result "0-1"]
[WhiteElo "2080"]
[BlackElo "2305"]

1.Nf3 Nf6 2.g3 b6 3.Bg2 Bb7 4.O-O e6 5.c4 c5 6.Nc3 Be7 7.e3 O-O 8.Qe2 d6
9.Rd1 Nbd7 10.b3 Rc8 11.Bb2 Qc7 12.d4 Ne4 13.Rac1 Qb8 14.Nxe4 Bxe4 15.Ne5 Bxg2
16.Nxd7 Qb7 17.d5 Qxd7 18.Qg4 g6 19.Kxg2 Qb7 20.h4 f5 21.Qf3 e5 22.Qe2 Qd7
23.f4 e4 24.Rh1 h5 25.Bc3 Bf6 26.Qb2 Bxc3 27.Qxc3 Qg7 28.Qxg7+ Kxg7 29.Rc2 Rb8
30.Rb1 b5 31.cxb5 Rxb5 32.Rc4 Rf7 33.Kf2 Rfb7 34.Ke2 Ra5 35.Rb2 Kf6 36.Kd2 Ra3
37.Rbc2 a5 38.Ke2 a4 39.bxa4 Rb1 40.Kf2 Rd1 41.R4c3 Rxa4 42.Rb3 Rxd5 43.Rcb2 c4
44.Rb4 c3 45.Rxa4 cxb2 46.Rb4 Rd2+ 47.Ke1 Rc2  0-1

[Event "Sas van Gent"]
[Site "Sas van Gent"]
[Date "1992.??.??"]
[Round "?"]
[White "Goormachtigh, Johan"]
[Black "Deleyn, Gunter"]
[Result "1/2-1/2"]
[WhiteElo "2305"]
[BlackElo "2320"]

1.Nf3 Nf6 2.c4 e6 3.g3 b6 4.Bg2 Bb7 5.O-O c5 6.Nc3 Be7 7.Re1 O-O 8.e4 d6
9.d4 cxd4 10.Nxd4 Qc8 11.Be3 Rd8 12.Rc1 Nbd7 13.f4 Nc5 14.Bf2 Bf8 15.b4 g6
16.h3 e5 17.bxc5 exd4 18.c6 Bxc6 19.Bxd4 Nh5 20.Nd5 Bxd5 21.cxd5 Qd7 22.Qb3 Rac8
23.Kh2 Rxc1 24.Rxc1 Rc8 25.Rc4 Ng7 26.Qc2 Rxc4 27.Qxc4 Ne8 28.Bf3 Qc7 29.Qxc7 Nxc7
30.Kg2 Be7 31.e5 Kf8 32.Kf2 Ke8 33.Ke3 Kd8 34.h4 Ne8 35.Be4 f6 36.h5 fxe5
37.fxe5 Bg5+ 38.Kd3 dxe5 39.Bxe5 gxh5 40.Bxh7 Nf6 41.Be4 h4 42.gxh4 Bxh4
43.Bf3 Nd7 44.Bf4 Bf6 45.Ke4 Nc5+ 46.Kf5 Bd4 47.Be2 a6 48.Bg4 b5 49.Kg6 Nd3  1/2-1/2

[Event "Sitges op"]
[Site "Sitges"]
[Date "1992.??.??"]
[Round "2"]
[White "Ramirez, Juan Manuel"]
[Black "Suba, Mihai"]
[Result "0-1"]
[WhiteElo "2225"]
[BlackElo "2520"]

1.Nf3 c5 2.c4 Nf6 3.g3 b6 4.Bg2 Bb7 5.O-O e6 6.b3 Be7 7.Bb2 a6 8.Nc3 Qc7
9.e3 O-O 10.Rc1 d6 11.Qc2 Nbd7 12.d4 Rac8 13.Rfd1 Rfd8 14.Nh4 cxd4 15.Rxd4 Bxg2
16.Nxg2 Qb7 17.Qe2 Nc5 18.Rcd1 Rc7 19.f3 Rdc8 20.e4 Ncd7 21.Ne3 b5 22.R4d2 Ne5
23.f4 Ng6 24.f5 Ne5 25.fxe6 fxe6 26.Qg2 bxc4 27.Qh3 Nxe4 28.Qxe6+ Kh8 29.Rd5 Ng5
30.Qf5 cxb3 31.Ne4 Rf8 32.Nxd6 Bxd6 33.Rxd6 Ngf3+ 34.Kf2 Rd7 35.Rxd7 Nxd7
36.Ng4 Nd4  0-1

[Event "Slupsk op"]
[Site "Slupsk"]
[Date "1992.??.??"]
[Round "?"]
[White "Przewoznik, Jan"]
[Black "Weglarz, Leszek"]
[Result "1/2-1/2"]
[WhiteElo "2405"]
[BlackElo "2365"]

1.Nf3 Nf6 2.c4 e6 3.g3 b6 4.Bg2 Bb7 5.O-O c5 6.b3 Be7 7.Bb2 O-O 8.Nc3 d5
9.e3 Nbd7 10.Qe2 Rc8 11.Rfd1 Qc7 12.Rac1 Qb8 13.cxd5 Nxd5 14.Nxd5 Bxd5 15.d4 Qb7
16.dxc5 Nxc5 17.Ne1 Bxg2 18.Qg4 g6 19.Nxg2 Ne4 20.Qf3 f5 21.Nf4 Rxc1 22.Rxc1 Rc8
23.Rxc8+ Qxc8 24.Qd1 Qc6 25.f3 Ng5 26.Kf2 Kf8 27.h4 Nf7 28.Qc1 Qd7 29.Qc3 Ke8
30.a4 e5 31.Nd3 e4 32.fxe4 fxe4 33.Nf4 Bc5 34.b4 Bd6 35.Qc4 Bxf4 36.Qxe4+ Be5
37.Bxe5 Qd2+ 38.Kf1 Qd1+ 39.Kf2 Qd2+ 40.Kf1 Qd1+  1/2-1/2

[Event "Rilton Cup"]
[Site "Stockholm"]
[Date "1992.??.??"]
[Round "1"]
[White "Poley, Vladimir"]
[Black "Kretz, Johan"]
[Result "1-0"]
[WhiteElo "2360"]
[BlackElo "2215"]

1.Nf3 Nf6 2.g3 b6 3.Bg2 Bb7 4.O-O e6 5.c4 c5 6.Nc3 Nc6 7.d4 Nxd4 8.Nxd4 Bxg2
9.Nxe6 fxe6 10.Kxg2 Qc8 11.e4 Qc6 12.f3 Bd6 13.Re1 Be5 14.Nd5 Bd4 15.Nb4 Qb7
16.e5 Ng4 17.Nc2 Bxe5 18.h3 Bxg3 19.Kxg3 Nf6 20.Qd6 O-O-O 21.Re5 Rdf8 22.Ne1 h6
23.Be3 g5 24.Rd1 Rf7 25.Bxc5 Ne8 26.Qd4 Rf4 27.Re4 Rg8 28.Bb4 Ng7 29.Rxf4 gxf4+
30.Kf2 Nh5 31.Qe5 Ng3 32.Qxf4 Qc6 33.Rd6 Qa4 34.Qd2 a5 35.Ba3 Qxc4 36.Qc3 Qxc3
37.bxc3 Kc7 38.c4 Rg5 39.Rd3 Nh5 40.f4 Rf5 41.Bd6+ Kc6 42.Ke3  1-0

[Event "SWZ-GP Suhr"]
[Site "Suhr"]
[Date "1992.??.??"]
[Round "3"]
[White "Giertz, Niklaus"]
[Black "Csom, Istvan"]
[Result "0-1"]
[WhiteElo "2255"]
[BlackElo "2490"]

1.c4 e6 2.Nf3 c5 3.g3 b6 4.Bg2 Bb7 5.O-O Nf6 6.Nc3 d6 7.d4 cxd4 8.Qxd4 a6
9.Rd1 Be7 10.Ng5 Bxg2 11.Kxg2 O-O 12.Nge4 Ra7 13.Be3 Nxe4 14.Nxe4 Nc6 15.Qxb6 Qa8
16.Qb3 f5 17.Bxa7 Nxa7 18.Qe3 fxe4 19.f3 Nc8 20.Qxe4 Qxe4 21.fxe4 Nb6 22.b3 Nd7
23.Rac1 Rb8 24.h4 Ne5 25.Rb1 Nc6 26.Rdc1 a5 27.e3 Kf7 28.Rf1+ Ke8 29.Kh3 h5
30.g4 hxg4+ 31.Kxg4 Kd7 32.Kg3 Ne5 33.Rh1 Kc6 34.a3 Kc5 35.Rhc1 Nc6 36.Rc2 Bf6
37.Rcc1 Rh8 38.Rh1 Bc3 39.Rhd1 Rb8 40.Kg4 Bf6 41.Rdc1 Ne5+ 42.Kg3 Nd3 43.Rc2 Kc6
44.Kg4 Rb7 45.Kg3 Rb6 46.Kg4 Rb8 47.Kg3 Rh8 48.Rh1 Be5+ 49.Kg4 Rf8 50.Kg5 Nf2
51.Rb1 Nxe4+ 52.Kg4 Rf5  0-1

[Event "Wisla BES op"]
[Site "Wisla"]
[Date "1992.??.??"]
[Round "2"]
[White "Kiedrowicz, Jan"]
[Black "Kholmov, Ratmir D"]
[Result "1/2-1/2"]
[WhiteElo "2300"]
[BlackElo "2485"]

1.Nf3 Nf6 2.c4 e6 3.g3 b6 4.Bg2 Bb7 5.O-O c5 6.d4 cxd4 7.Qxd4 Be7 8.Rd1 O-O
9.Nc3 Nc6 10.Qf4 Qb8 11.Qxb8 Raxb8 12.b3 Rfd8 13.Ng5 h6 14.Nge4 Nxe4 15.Bxe4 f5
16.Bg2 Bf6 17.Bb2 b5 18.cxb5 Nd4 19.Rd2 Bxg2 20.Kxg2 Nxb5 21.Nxb5 Bxb2 22.Rxb2 Rxb5
23.Rc1 a5 24.Rc7 Rd5 25.Rbc2 Kf7 26.Kf3 Rb8 27.R2c5 Rxc5 28.Rxc5 a4 29.bxa4 Rb2
30.h4 Rxa2 31.Rc4 Kf6 32.Rd4 d5 33.g4 Ke5 34.e3 g5 35.hxg5 hxg5 36.gxf5 exf5
37.Rb4 Ra3 38.Kg3 f4+ 39.Kf3 g4+ 40.Kxg4 fxe3 41.Kf3 exf2+ 42.Kxf2 d4 43.Rb8 Rxa4
44.Ke2 Ra2+ 45.Kd3  1/2-1/2

[Event "Oberliga Wuert9192"]
[Site "Wuerttemberg"]
[Date "1992.??.??"]
[Round "?"]
[White "Keilhack, Harald"]
[Black "Zeller, Frank"]
[Result "1-0"]
[WhiteElo "2335"]
[BlackElo "2380"]

1.Nf3 Nf6 2.c4 e6 3.g3 b6 4.Bg2 Bb7 5.O-O c5 6.Nc3 a6 7.b3 d6 8.Bb2 Qc7 9.e3 Be7
10.d4 O-O 11.d5 exd5 12.cxd5 Nbd7 13.Nh4 Rfe8 14.g4 h6 15.Nf5 Bf8 16.h4 Ne5
17.g5 hxg5 18.hxg5 Nh7 19.f4 Ng6 20.Ne4 Bc8 21.Neg3 Ne7 22.e4 Nxf5 23.exf5 Re3
24.Kf2 Rxg3 25.Kxg3 Bxf5 26.Qf3 Qd7 27.Rae1 b5 28.Rh1 a5 29.Bh3 a4 30.Qh5 axb3
31.Qxh7+ Bxh7 32.Bxd7 Rxa2 33.Rh2 Rxb2 34.Rxb2 b4 35.Rxb3 Bc2 36.Rb2 Bd3
37.f5  1-0

[Event "Altensteig-B"]
[Site "Altensteig"]
[Date "1993.??.??"]
[Round "7"]
[White "Panzalovic, Srdjan"]
[Black "Meissner, B."]
[Result "1-0"]
[WhiteElo "2390"]
[BlackElo "2285"]

1.Nf3 c5 2.c4 Nf6 3.g3 b6 4.Bg2 Bb7 5.O-O e6 6.d4 cxd4 7.Qxd4 d6 8.Nc3 a6
9.Rd1 Nbd7 10.e4 Be7 11.b3 Rc8 12.h3 O-O 13.Qd3 Qc7 14.Bb2 Rfe8 15.Rac1 Qb8
16.Nd4 Bf8 17.Re1 g6 18.Qd2 Qa8 19.g4 h6 20.Kh1 Bg7 21.f3 Qb8 22.Nde2 Rcd8
23.Rcd1 Bf8 24.Qf4 g5 25.Qg3 Ne5 26.f4 gxf4 27.Nxf4 Bg7 28.Re3 Nh7 29.Nh5 Bh8
30.Qf4 Bg7 31.Nxg7 Kxg7 32.Ne2 f6 33.Ng3 Rf8 34.Nh5+ Kg6 35.Re2 Qc7 36.Bc1 Ng5
37.h4 Qe7 38.hxg5 hxg5 39.Qg3 Rh8 40.Rf1 Nxg4 41.Qxg4 Rxh5+ 42.Kg1 Rf8 43.Ref2 Bc8
44.Ba3 f5 45.exf5+ exf5 46.Qd4 Rf6 47.Bb2 Rf7 48.Bd5 Rfh7 49.Re2 Rh1+ 50.Bxh1 Rxh1+
51.Kxh1 Qxe2 52.Qg7+ Kh5 53.Qh7+  1-0

[Event "Bad Woerishofen op"]
[Site "Bad Woerishofen"]
[Date "1993.??.??"]
[Round "9"]
[White "Grimm, Sascha"]
[Black "Okrajek, Alexander"]
[Result "1/2-1/2"]
[WhiteElo "2320"]
[BlackElo "2275"]

1.Nf3 Nf6 2.c4 e6 3.g3 b6 4.Bg2 Bb7 5.O-O c5 6.Nc3 Be7 7.b3 O-O 8.Bb2 d6
9.d4 cxd4 10.Qxd4 Nbd7 11.Rfd1 a6 12.Ne1 Qc7 13.Bxb7 Qxb7 14.Ng2 Rac8 15.Rd2 Rfe8
16.Rad1 h6 17.Ne3 Bf8 18.Ng4 b5 19.cxb5 axb5 20.Nxf6+ Nxf6 21.Qb4 d5 22.Qxb5 Qxb5
23.Nxb5 Ne4 24.Rd3 Rc2 25.f3 Rxb2 26.fxe4 Rxa2 27.exd5 exd5 28.R1d2 Rxe2
29.Rxa2 Rxa2 30.Rxd5 Rb2 31.Nd4 Rd2 32.Kh1 Kh7 33.Rd8 Be7 34.Re8 Bf6 35.Nc6 Rc2
36.Rc8 g5 37.Ne7 Rb2 38.Nd5 Be5 39.Re8 f6 40.b4 g4 41.Rc8 h5 42.Rc4 Kg6 43.Nf4+ Kg5
44.Nd3 Rd2 45.Nxe5 fxe5 46.Rc8 Rb2 47.Rb8 h4 48.gxh4+ Kxh4 49.b5 e4  1/2-1/2

[Event "JUG-chT2"]
[Site "Becici"]
[Date "1993.??.??"]
[Round "3"]
[White "Paunovic, Dragan"]
[Black "Micic, Cedomir"]
[Result "1-0"]
[WhiteElo "2450"]
[BlackElo "2285"]

1.Nf3 Nf6 2.c4 e6 3.g3 b6 4.Bg2 Bb7 5.O-O c5 6.Nc3 d6 7.Re1 Nbd7 8.e4 Be7
9.d4 cxd4 10.Nxd4 Nc5 11.b3 O-O 12.Bb2 Qc7 13.Rc1 a6 14.f4 Rac8 15.f5 e5
16.Nc2 b5 17.cxb5 axb5 18.Nb4 Rfe8 19.h3 Qa5 20.a3 Qa8 21.Ncd5 Bxd5 22.exd5 Nfd7
23.Kh2 Bf6 24.Bf1 Qb7 25.Nc6 e4 26.Bxf6 Nxf6 27.b4 Ncd7 28.Qe2 Qb6 29.Ne7+  1-0

[Event "Benidorm op"]
[Site "Benidorm"]
[Date "1993.??.??"]
[Round "1"]
[White "Kolev, Atanas"]
[Black "De la Cruz, Alfredo"]
[Result "1-0"]
[WhiteElo "2510"]
[BlackElo "2205"]

1.Nf3 Nf6 2.c4 b6 3.g3 Bb7 4.Bg2 c5 5.O-O e6 6.Nc3 d6 7.d4 cxd4 8.Qxd4 a6
9.Ng5 Bxg2 10.Kxg2 Qc7 11.Nce4 Nbd7 12.Rd1 h6 13.Nxf6+ Nxf6 14.Nf3 Be7 15.Be3 O-O
16.Rac1 Rab8 17.Kg1 Rfd8 18.b4 Qb7 19.a3 Qe4 20.Qxe4 Nxe4 21.Nd4 Rdc8 22.f3 Nf6
23.Bf2 Kf8 24.e4 Ke8 25.g4 Nd7 26.Bg3 Rb7 27.b5 a5 28.Nc6 Ne5 29.Bxe5 dxe5
30.a4 Bc5+ 31.Kf1 f6 32.Ke2 Rd7 33.Rxd7 Kxd7 34.Rd1+ Kc7 35.h4 Rf8 36.Rd3 g6
37.g5 hxg5 38.hxg5 Bd6 39.gxf6 Rxf6 40.c5 Bxc5 41.Nxe5 Bd6 42.Rc3+ Bc5 43.Nd3 Rf8
44.Nxc5 bxc5 45.Rxc5+ Kd6 46.Rc6+ Ke5 47.Ke3 g5 48.Rc5+ Kf6 49.b6 Rb8 50.Rb5 e5
51.b7 Ke6 52.Kf2 Kd6 53.Kg3 Kc6 54.Kg4 Rxb7 55.Rxb7 Kxb7 56.Kxg5 Kc6 57.Kf6 Kc5
58.Kxe5 Kb4 59.Kd4 Kxa4 60.Kc4 Ka3 61.e5 a4 62.e6  1-0

[Event "Biel op"]
[Site "Biel"]
[Date "1993.??.??"]
[Round "9"]
[White "Libeau, Rene"]
[Black "Womacka, Mathias"]
[Result "1-0"]
[WhiteElo "2425"]
[BlackElo "2425"]

1.c4 c5 2.Nf3 Nf6 3.g3 b6 4.Bg2 Bb7 5.O-O e6 6.Nc3 Be7 7.Re1 d5 8.cxd5 Nxd5
9.e4 Nxc3 10.bxc3 O-O 11.d4 cxd4 12.cxd4 Nc6 13.Bb2 Bf6 14.Rb1 Na5 15.Bc3 Nc4
16.Qd3 Rc8 17.e5 Bxf3 18.Qxf3 Be7 19.Rbd1 Ba3 20.d5 exd5 21.Rxd5 Qe7 22.Bh3 Rc7
23.e6 fxe6 24.Bxe6+ Kh8 25.Qg4 Bc5 26.Rh5 Bxf2+ 27.Kh1 Rc5 28.Bd5 Be3 29.Qg6  1-0

[Event "Wch U18"]
[Site "Bratislava"]
[Date "1993.??.??"]
[Round "1"]
[White "Fridman, Daniel"]
[Black "Ramesh, RB."]
[Result "1-0"]
[WhiteElo "2380"]
[BlackElo "2215"]

1.Nf3 e6 2.c4 Nf6 3.g3 b6 4.Bg2 Bb7 5.O-O c5 6.Nc3 Be7 7.Re1 d6 8.e4 Nbd7
9.d4 cxd4 10.Nxd4 a6 11.e5 dxe5 12.Bxb7 exd4 13.Bxa8 Qxa8 14.Qxd4 O-O 15.Bf4 Bc5
16.Qd2 h5 17.h4 Qf3 18.Qe2 Qc6 19.Rad1 e5 20.Be3 Bxe3 21.Qxe3 Qxc4 22.Qe2 Qc8
23.Ne4 Ng4 24.Rc1 Qb7 25.Qf3 Qb8 26.Qf5 Nc5 27.Qxh5 f5 28.Ng5 Nf6 29.Qe2 e4
30.Qc4+ Kh8 31.Ne6 Nxe6 32.Qxe6 f4 33.g4 f3 34.g5 Nh5 35.Qxe4 Ng3 36.Qe5 Qxe5
37.Rxe5 Ne2+ 38.Rxe2 fxe2 39.Kg2 Rd8 40.Kf3 Rd1 41.Rc8+ Kh7 42.Kxe2 Rb1 43.Rc2 Rh1
44.Rc6 Rxh4 45.Rxb6 a5 46.Rb5 a4 47.a3 Kg6 48.Rb4 Kxg5 49.Rxh4 Kxh4 50.Kd3 Kg4
51.b4  1-0

[Event "Budapest FS04 IM"]
[Site "Budapest"]
[Date "1993.??.??"]
[Round "2"]
[White "Dambrauskas, Virginijus"]
[Black "Vuckovic, Aleksandar"]
[Result "1/2-1/2"]
[WhiteElo "2395"]
[BlackElo "2345"]

1.Nf3 c5 2.c4 e6 3.g3 b6 4.Bg2 Bb7 5.O-O Nf6 6.Nc3 Be7 7.d4 cxd4 8.Qxd4 O-O
9.Rd1 Nc6 10.Qf4 d6 11.b3 Qb8 12.Ba3 d5 13.Qxb8 Raxb8 14.Bxe7 Nxe7 15.cxd5 Nexd5
16.Nb5 Ba6 17.Nxa7 Nc3 18.Rd2 Nxe2+ 19.Kh1 Ne4 20.Rxe2 Bxe2 21.Nd4 Bd3 22.Nac6 Rbe8
23.Ne5 Nf6 24.Nxd3 Rd8 25.Nxe6 fxe6 26.Ne5 Rd2 27.Nc4 Rxf2 28.Nxb6 e5 29.a4 Rb2
30.a5 e4 31.Bh3 Kf7 32.a6 Rxb3 33.Nc8 Nd5 34.Rf1+ Rf3 35.Rd1 Rd3 36.Rf1+ Rf3
37.Rd1 Rd3  1/2-1/2

[Event "Budapest FS10 GM"]
[Site "Budapest"]
[Date "1993.??.??"]
[Round "2"]
[White "Anic, Darko"]
[Black "Kalesis, Nikolaos"]
[Result "1/2-1/2"]
[WhiteElo "2440"]
[BlackElo "2410"]

1.Nf3 Nf6 2.c4 c5 3.g3 b6 4.Bg2 Bb7 5.O-O e6 6.Nc3 d6 7.d4 cxd4 8.Qxd4 a6
9.Rd1 Nbd7 10.b3 Be7 11.e4 Qb8 12.Ba3 Nc5 13.e5 dxe5 14.Qxe5 Qa7 15.Bb2 Rc8
16.h3 Qa8 17.Ne1 Bxg2 18.Nxg2 O-O 19.Nf4 Qb7 20.Qe2 Rfd8 21.h4 h6 22.Rxd8+  1/2-1/2

[Event "Spring op"]
[Site "Budapest"]
[Date "1993.??.??"]
[Round "7"]
[White "Blasovszky, Istvan"]
[Black "Fokin, Sergey"]
[Result "0-1"]
[WhiteElo "2265"]
[BlackElo "2420"]

1.Nf3 c5 2.g3 b6 3.Bg2 Bb7 4.O-O e6 5.c4 Nf6 6.Nc3 Be7 7.d4 cxd4 8.Nxd4 Bxg2
9.Kxg2 Qc8 10.Qd3 O-O 11.b3 Nc6 12.Bb2 Nxd4 13.Qxd4 Qb7+ 14.Kg1 a6 15.e4 d6
16.a4 Rfc8 17.Ba3 Rc6 18.Rad1 Rac8 19.Qe3 Nd7 20.Nd5 Bf8 21.Nf4 b5 22.cxb5 axb5
23.axb5 Qxb5 24.Ne2 Ra6 25.Nd4 Qb7 26.Bb2 Nc5 27.Rc1 Rb8 28.e5 dxe5 29.Rxc5 Bxc5
30.Qxe5 Bxd4 31.Bxd4 f6 32.Qe2 Rc6 33.Rb1 Qb5 34.Qa2 Qd5 35.Be3 Rc3 36.Qa7 Rbxb3
37.Rf1 Rc8 38.Qa4 Rcb8 39.Qa1 Qe4 40.Qd4 Qxd4 41.Bxd4 Rb1 42.Kg2 Rxf1 43.Kxf1 e5
44.Be3 Kf7 45.h4 f5 46.Kg2 Ke6 47.Kf3 Kd5 48.Bg5 Rb3+ 49.Be3 g6 50.Kg2 Rxe3
51.fxe3 Ke4  0-1

[Event "Budapest Statistika"]
[Site "Budapest"]
[Date "1993.??.??"]
[Round "11"]
[White "Niklasch, Oliver"]
[Black "Lorincz, Istvan"]
[Result "1-0"]
[WhiteElo "2245"]
[BlackElo "2355"]

1.Nf3 Nf6 2.c4 e6 3.g3 b6 4.Bg2 Bb7 5.O-O c5 6.Nc3 d6 7.d4 cxd4 8.Qxd4 Nbd7
9.b3 a6 10.Bb2 Be7 11.e4 Qc7 12.Qe3 O-O 13.Nd4 Rfe8 14.Rfe1 Bf8 15.Rad1 Rac8
16.Qd2 Qb8 17.Re2 Ba8 18.Qe1 g6 19.Kh1 Rc5 20.f3 Rec8 21.a4 R5c7 22.Rb1 Nc5
23.Ba1 Bg7 24.Qd2 Rd8 25.Qa2 Nfd7 26.Rd1 Ne5 27.Qb1 Nc6 28.Nxc6 Bxc6 29.Red2 Nb7
30.Qa2 Be8 31.Qa3 Rc5 32.Ne2 e5 33.Bc3 Qc7 34.Bb4 Rc6 35.Qa2 b5 36.cxb5 axb5
37.axb5 Rb6 38.Nc3 Qb8 39.Bf1 f5 40.Bc4+ Kh8 41.Qa4 fxe4 42.fxe4 d5 43.Nxd5 Re6
44.Ne3 Rxd2 45.Rxd2 Rf6 46.Nd5 Rf7 47.Ra2 Qd8 48.Qa8 Qd7 49.Ra7 h5 50.Rxb7 Qxb7
51.Qxe8+ Kh7 52.b6 h4 53.Qe6 g5 54.Kg2  1-0

[Event "Budapest FS09 GM"]
[Site "Budapest"]
[Date "1993.??.??"]
[Round "13"]
[White "Shabtai, Ran"]
[Black "Csom, Istvan"]
[Result "1/2-1/2"]
[WhiteElo "2350"]
[BlackElo "2475"]

1.c4 e6 2.Nf3 c5 3.g3 b6 4.Bg2 Bb7 5.O-O Nf6 6.Nc3 d6 7.d4 cxd4 8.Qxd4 a6
9.Rd1 Be7 10.Bg5 Nbd7 11.Qd2 Qc7 12.Bf4 e5  1/2-1/2

[Event "Buenos Aires Najdorf op"]
[Site "Buenos Aires"]
[Date "1993.??.??"]
[Round "1"]
[White "Garcia, Raimundo"]
[Black "Bosco, Ricardo"]
[Result "1-0"]
[WhiteElo "2375"]
[BlackElo "2270"]

1.Nf3 Nf6 2.c4 c5 3.g3 b6 4.Bg2 Bb7 5.O-O e6 6.Nc3 Be7 7.Re1 O-O 8.e4 d6
9.d4 cxd4 10.Nxd4 Qc8 11.Be3 Nbd7 12.f4 Rd8 13.Rc1 a6 14.b4 Qc7 15.Nd5 exd5
16.cxd5 Nc5 17.Nf5 Bf8 18.Bd4 Ne8 19.bxc5 bxc5 20.Qd2 g6 21.Ne3 Qd7 22.Bc3 Bg7
23.Nc4 Bxc3 24.Qxc3 Qc7 25.Rb1 Rab8 26.Rb6 Bc8 27.Rc6 Qa7 28.Qa5 Rd7 29.Bh3 Rc7
30.Rxc7 Nxc7 31.Bxc8 Rxc8 32.Nxd6 c4+ 33.Kg2 Rb8 34.Nxc4 Rb5 35.Qd2 Qc5 36.Rc1 Rb4
37.Ne5 Rd4 38.Qe3 Nxd5 39.exd5 Qxd5+ 40.Nf3  1-0

[Event "Buenos Aires PRO op"]
[Site "Buenos Aires"]
[Date "1993.??.??"]
[Round "1"]
[White "Szmetan, Jorge"]
[Black "Pierrot, Facundo"]
[Result "1-0"]
[WhiteElo "2415"]
[BlackElo "2315"]

1.Nf3 Nf6 2.c4 c5 3.g3 b6 4.Bg2 Bb7 5.O-O e6 6.e3 d5 7.b3 Be7 8.Qe2 O-O 9.Bb2 Nc6
10.Rd1 Qc7 11.Nc3 Rad8 12.Rac1 a6 13.cxd5 exd5 14.d4 Rfe8 15.Na4 Ne4 16.Nd2 cxd4
17.Nxe4 dxe4 18.exd4 Bg5 19.Rc2 Qd6 20.Nxb6 Nb4 21.Rc5 Qxb6 22.Rxg5 Bd5 23.a3 Nc6
24.b4 h6 25.Rh5 Bb3 26.Rd2 Nxd4 27.Bxd4 Rxd4 28.Rc5 Rxd2 29.Qxd2 Rd8 30.Qe3 Rd1+
31.Bf1 Qe6 32.Kg2 Bd5 33.Be2 Re1 34.Qd2 e3+ 35.Qxd5 Qxd5+ 36.Rxd5 Rxe2 37.Kf3 Ra2
38.Kxe3 Rxa3+ 39.Rd3 Ra4 40.Rd8+ Kh7 41.Rb8 a5 42.b5 Ra2 43.b6 a4 44.Kd4 Rxf2
45.Ra8 Rb2 46.Kc5 f5 47.Rxa4 g5 48.Rb4 Rc2+ 49.Kd6  1-0